|
|
|
|
| LEADER |
00000csc a2200000 a 4500 |
| 001 |
72463 |
| 005 |
20230308211741.0 |
| 008 |
000000|1946 ||||||||r|||||||||||spa|| |
| 040 |
|
|
|b spa
|
| 041 |
1 |
|
|a spa
|
| 082 |
0 |
|
|a 628.2
|
| 100 |
1 |
|
|a Stevens, Walter
|9 291812
|
| 245 |
|
|
|a Cámaras sépticas: obras sanitarias
|c Walter Stevens
|h imp
|
| 264 |
|
|
|a Buenos Aires
|b Glem
|c 1946
|
| 300 |
|
|
|a 224 páginas:
|b ilu
|c 20.5 cm
|
| 490 |
|
|
|a Biblioteca Técnica
|n no. 1
|
| 650 |
|
|
|a Ingenieria sanitaria
|9 35385
|
| 650 |
|
|
|a Camaras septicas
|9 291813
|
| 650 |
|
|
|a Obras sanitarias
|9 37800
|
| 650 |
|
|
|a Agua
|9 3424
|
| 650 |
|
|
|a Depuracion del agua
|9 291814
|
| 852 |
|
|
|a UC-CDJBV
|c ESTANTERIA CERRADA
|f Compra
|k lucia.mora
|l 1
|m General
|p 00000000
|q 35,00
|r 2
|t 72463
|b 0
|d CDRC
|e CDRC
|g 628.2 ESTANTERIA CERRADA
|z 0000-00-00
|
| 942 |
|
|
|
| 999 |
|
|
|c 119723
|d 119723
|